|
|
|
|
| LEADER |
03119nam a2200457 4500 |
| 001 |
978-3-030-17478-1 |
| 003 |
DE-He213 |
| 005 |
20191023131243.0 |
| 007 |
cr nn 008mamaa |
| 008 |
190523s2019 gw | s |||| 0|eng d |
| 020 |
|
|
|a 9783030174781
|9 978-3-030-17478-1
|
| 024 |
7 |
|
|a 10.1007/978-3-030-17478-1
|2 doi
|
| 040 |
|
|
|d GrThAP
|
| 050 |
|
4 |
|a RD78.3-87.3
|
| 072 |
|
7 |
|a MMB
|2 bicssc
|
| 072 |
|
7 |
|a MED006000
|2 bisacsh
|
| 072 |
|
7 |
|a MKA
|2 thema
|
| 082 |
0 |
4 |
|a 617.96
|2 23
|
| 245 |
1 |
0 |
|a Infusion Therapy
|h [electronic resource] :
|b For Pain, Headache and Related Conditions /
|c edited by Alaa Abd-Elsayed.
|
| 250 |
|
|
|a 1st ed. 2019.
|
| 264 |
|
1 |
|a Cham :
|b Springer International Publishing :
|b Imprint: Springer,
|c 2019.
|
| 300 |
|
|
|a X, 222 p. 3 illus. in color.
|b online resource.
|
| 336 |
|
|
|a text
|b txt
|2 rdacontent
|
| 337 |
|
|
|a computer
|b c
|2 rdamedia
|
| 338 |
|
|
|a online resource
|b cr
|2 rdacarrier
|
| 347 |
|
|
|a text file
|b PDF
|2 rda
|
| 505 |
0 |
|
|a Lidocaine infusion -- Ketamine infusion -- Propofol infusion -- Magnesium infusion -- Opioids infusion -- Vitamin infusions -- DHE infusion -- Bisphosphonates infusion -- Phentolamine infusion -- Dexmedotimidine infusion -- Clonidine infusion -- Benzodiazepines infusion -- Intravenous Immunoglobulin (IVIG) infusion.-Decadron infusion -- Depacon infusion -- IV Hydration.
|
| 520 |
|
|
|a There is a significant gap in current knowledge about infusion therapy for treating different pain, headache and psychiatric conditions. Infusion therapy is now a common practice but there is considerable variation in how the therapy is implemented in different centers which can be both dangerous, if high doses are given, or ineffective, if low doses are given. This book provides a practical guide to infusion therapy for clinicians on how to safely and effectively perform this kind of therapy. Chapters cover the pharmacology of each medication and evidence in literature regarding indications, contraindications and doses. A recommended algorithm is provided for patient selection, doses, infusion technique/doses and appropriate monitoring. Infusion Therapy is the first comprehensive, clinical guide to this practice and is an invaluable resource for clinicians in anesthesia, pain medicine, internal medicine and palliative care. It will also be of interest to researchers and pharmacologists who would like to find out how clinicians use infusions.
|
| 650 |
|
0 |
|a Anesthesiology.
|
| 650 |
|
0 |
|a Pain medicine.
|
| 650 |
1 |
4 |
|a Anesthesiology.
|0 http://scigraph.springernature.com/things/product-market-codes/H13001
|
| 650 |
2 |
4 |
|a Pain Medicine.
|0 http://scigraph.springernature.com/things/product-market-codes/H47003
|
| 700 |
1 |
|
|a Abd-Elsayed, Alaa.
|e editor.
|4 edt
|4 http://id.loc.gov/vocabulary/relators/edt
|
| 710 |
2 |
|
|a SpringerLink (Online service)
|
| 773 |
0 |
|
|t Springer eBooks
|
| 776 |
0 |
8 |
|i Printed edition:
|z 9783030174774
|
| 776 |
0 |
8 |
|i Printed edition:
|z 9783030174798
|
| 776 |
0 |
8 |
|i Printed edition:
|z 9783030174804
|
| 856 |
4 |
0 |
|u https://doi.org/10.1007/978-3-030-17478-1
|z Full Text via HEAL-Link
|
| 912 |
|
|
|a ZDB-2-SME
|
| 950 |
|
|
|a Medicine (Springer-11650)
|